Life, freedom and war : (Record no. 146870)

MARC details
000 -LEADER
fixed length control field 00551nam a22001817a 4500
005 - DATE AND TIME OF LATEST TRANSACTION
control field 20171026145225.0
010 ## - LCCN (DPL NO)
LC control number ENG-120754
020 ## - INTERNATIONAL STANDARD BOOK NUMBER
International Standard Book Number 9789350020982
Terms of availability 395.00
035 ## - SYSTEM CONTROL NUMBER
System control number EN-104286
037 ## - SOURCE OF ACQUISITION
Source of stock number/acquisition DBAD/PUB
082 ## - DEWEY DECIMAL CLASSIFICATION NUMBER
Classification number 320.954
245 ## - TITLE STATEMENT
Title Life, freedom and war :
Statement of responsibility, etc edited by Sho Kuwajima
Remainder of title twenieth century South Asia /
260 ## - PUBLICATION, DISTRIBUTION, ETC. (IMPRINT)
Place of publication, distribution, etc New Delhi
Name of publisher, distributor, etc Aakar Books
Date of publication, distribution, etc 2011
270 ## - ADDRESS
Address 28E,PKT.IV,Mayur Vihar Phase-I
City Delhi
Postal code 110091
300 ## - PHYSICAL DESCRIPTION
Extent 176p.
Dimensions 23cm (Hb)
700 ## - ADDED ENTRY--PERSONAL NAME
Personal name Kuwajima,Sho
942 ## - ADDED ENTRY ELEMENTS (KOHA)
Source of classification or shelving scheme Dewey Decimal Classification
Item type English Books
Classification part 320.954
Call number suffix LIF
Holdings
Withdrawn status Lost status Not for loan Collection code Home library Current library Date acquired Source of acquisition Cost, normal purchase price Full call number Barcode Copy number Cost, replacement price Koha item type
    Not For Loan Non-fiction D.B.Act.Division Bawana 26/10/2017 DBAD/PUB 395.00 320.954 LIF EN-104286 1 395.00 English Books

© Delhi Public Library
Hit Counter
free hit counter